Score 0/100 Timer 10:00
3 Plays Today
Rank Name % Correct
2.John
95.6%
1.James
90.7%
4.Michael
89.9%
5.William
87.9%
6.David
85.6%
3.Robert
84.6%
13.Matthew
83.8%
10.Thomas
82.8%
16.Mark
81.2%
15.Paul
80.7%
18.George
80.1%
52.Peter
78.5%
12.Daniel
78.3%
22.Andrew
78%
11.Christopher
77.9%
7.Richard
76.8%
58.Jose
75.6%
19.Steven
75.6%
8.Joseph
74%
9.Charles
72.8%
49.Jack
72.2%
35.Frank
71.2%
33.Stephen
70.8%
21.Edward
68.4%
83.Harry
68.1%
23.Brian
67.5%
45.Samuel
67.3%
53.Henry
66.7%
46.Benjamin
66.2%
27.Timothy
66.1%
24.Kevin
65.9%
54.Alexander
65.7%
37.Jacob
65.5%
59.Adam
65%
Rank Name % Correct
70.Joe
62.6%
17.Anthony
62.3%
38.Jonathan
61.9%
97.Fred
61.3%
25.Joshua
60.4%
34.Nicholas
60.2%
32.Ryan
59.5%
28.Jason
58.3%
14.Donald
58.1%
31.Eric
57.5%
26.Ronald
57.4%
63.Nathan
57.3%
44.Patrick
56.9%
43.Gregory
56.3%
61.Carl
55.8%
57.Aaron
53.8%
74.Sean
53.5%
60.Zachary
52.3%
56.Harold
52.2%
41.Justin
51.9%
29.Jeffrey
50.2%
36.Larry
49.6%
88.Alan
49.1%
64.Kyle
49%
20.Kenneth
48.4%
30.Gary
47.3%
77.Billy
47.2%
39.Scott
46.9%
98.Phillip
46.9%
82.Bryan
46.8%
55.Tyler
44.6%
89.Philip
44.5%
94.Bobby
44.2%
42.Brandon
44.2%
Rank Name % Correct
66.Albert
43.7%
67.Lawrence
43.5%
72.Jeremy
43.1%
100.Shawn
42.8%
81.Louis
42.3%
95.Vincent
42.2%
50.Walter
42%
69.Keith
41.8%
48.Jerry
41.8%
62.Arthur
41.3%
86.Christian
41%
92.Jordan
39.2%
65.Gerald
38.1%
40.Raymond
37.7%
47.Dennis
36.6%
96.Johnny
36.3%
93.Juan
35.4%
51.Douglas
35.1%
78.Bruce
34%
90.Howard
33.4%
99.Craig
33.1%
68.Roger
32.7%
76.Jesse
32.2%
71.Terry
31.7%
85.Wayne
31.2%
84.Austin
28.4%
91.Randy
28%
75.Ralph
27.2%
79.Roy
26.9%
73.Willie
25.8%
87.Russell
25.5%
80.Eugene
24%
Remove Ads.
Support Sporcle.
Get the best of Sporcle when you Go Orange. This ad-free experience offers more features, more stats, and more fun while also helping to support Sporcle. Thank you for becoming a member.

You're not logged in!

Compare scores with friends on all Sporcle quizzes.
OR
Log In

Show Comments

Extras

Top Quizzes Today


Score Distribution

Your Account Isn't Verified!

In order to create a playlist on Sporcle, you need to verify the email address you used during registration. Go to your Sporcle Settings to finish the process.

Report this User

Report this user for behavior that violates our Community Guidelines.

Details: